[Event "Meltwater Tour Final 2021"]
[Site "chess24.com INT"]
[Date "2021.09.29"]
[Round "5.2"]
[White "Giri, Anish"]
[Black "So, Wesley"]
[Result "1/2-1/2"]
[WhiteTitle "GM"]
[BlackTitle "GM"]
[WhiteElo "2777"]
[BlackElo "2778"]
[WhiteFideId "24116068"]
[BlackFideId "5202213"]
[EventDate "2021.09.25"]

1. d4 Nf6 2. c4 e6 3. Nf3 d5 4. g3 Bb4+ 5. Bd2 Be7 6. Bg2 Nbd7 7. O-O O-O 8. Qc2
c6 9. Bf4 b6 10. Rd1 Ba6 11. cxd5 Nxd5 12. Nc3 Rc8 13. Rac1 Nxf4 14. gxf4 Bb7
15. e3 Qc7 16. a3 c5 17. d5 exd5 18. Nxd5 Bxd5 19. Rxd5 Nf6 20. Rdd1 b5 21. a4
a6 22. axb5 axb5 23. b3 Qb6 24. Ne5 Bd6 25. Qf5 Rc7 26. h3 Rfc8 27. Ng4 Nxg4 28.
hxg4 g6 29. Qf6 Rd7 30. g5 Qb8 31. Qb2 Rcd8 32. Qe2 Qb6 33. Bf1 Rb7 34. Qf3 Rbb8
35. Kg2 Be7 36. Qe4 Rxd1 37. Rxd1 Qb7 38. Qxb7 Rxb7 39. Ra1 Kg7 40. Ra6 c4 41.
bxc4 b4 42. Ra5 h6 43. gxh6+ Kxh6 44. Rb5 Rd7 45. Kf3 f5 46. c5 Rc7 47. Rxb4
Rxc5 48. Rb6 Bh4 49. Bd3 Rd5 50. Ke2 Ra5 51. Bc4 Ra7 52. Kf3 Rc7 53. Bd3 Kg7 54.
Rb1 Rd7 55. Rb3 Ra7 56. Rb2 Rd7 57. Bc4 Rc7 58. Bd5 Rd7 59. Rb5 Rc7 60. Bb3 Rd7
61. Ke2 Re7 62. Rb8 Bf6 63. Kf3 Bh4 64. Rb6 Rd7 65. Ke2 Re7 66. Bc2 Rc7 67. Bb1
Re7 68. Rb2 Bf6 69. Rb5 Bh4 70. Bc2 Rc7 71. Bb3 Re7 72. Kf3 Rd7 73. Bd5 Rc7 74.
Rb2 Bf6 75. Ra2 Bh4 76. Kg2 Rd7 77. Bc4 Rc7 78. Be2 Re7 79. Bc4 Rc7 80. Be6 Re7
81. Bd5 Rd7 82. Ba8 Rd8 83. Bf3 Rd7 84. Kh3 Bf6 85. Rc2 Re7 86. Kg3 Kh6 87. Rc6
Kg7 88. Rb6 Rd7 89. Bc6 Ra7 90. Be8 Re7 91. Bb5 Rc7 92. Ra6 Rb7 93. Be8 Re7 94.
Ra8 Rc7 95. Ra3 Re7 96. Ra8 Rc7 97. Ba4 Re7 1/2-1/2

[Event "Meltwater Tour Final 2021"]
[Site "chess24.com INT"]
[Date "2021.09.29"]
[Round "5.3"]
[White "Duda, Jan-Krzysztof"]
[Black "Vachier-Lagrave, Maxime"]
[Result "0-1"]
[WhiteTitle "GM"]
[BlackTitle "GM"]
[WhiteElo "2756"]
[BlackElo "2763"]
[WhiteFideId "1170546"]
[BlackFideId "623539"]
[EventDate "2021.09.25"]

1. e4 c5 2. Nf3 d6 3. d4 cxd4 4. Nxd4 Nf6 5. Nc3 a6 6. Be3 e5 7. Nb3 Be6 8. f3
Be7 9. Qd2 O-O 10. O-O-O Nbd7 11. g4 b5 12. g5 Nh5 13. Rg1 Nb6 14. Qf2 Nc4 15.
Bxc4 bxc4 16. Nc5 Qc7 17. N5a4 Rab8 18. Nb6 Nf4 19. Ncd5 Nxd5 20. Nxd5 Bxd5 21.
Rxd5 Qb7 22. c3 f5 23. Qe2 Qc6 24. g6 h6 25. Kb1 Rb5 26. Rgd1 Rf6 27. Qg2 Rxd5
28. exd5 Qe8 29. Rg1 Qb5 30. f4 e4 31. Qd2 Qe8 32. Qg2 Qb5 33. Rd1 Qe8 34. Qe2
Qb5 35. Rd4 Rxg6 36. Rxc4 Kh7 37. b3 Qxd5 38. Rd4 Qc6 39. c4 Rg4 40. a3 Qe8 41.
Ka2 Qh5 42. b4 Qf7 43. Kb3 Rh4 44. Ka2 Rh3 45. a4 Bf6 46. Rd5 Qd7 47. Kb3 Qa7
48. c5 Qf7 49. Kc4 dxc5 50. b5 axb5+ 51. axb5 Bd4 0-1

[Event "Meltwater Tour Final 2021"]
[Site "chess24.com INT"]
[Date "2021.09.29"]
[Round "5.3"]
[White "Mamedyarov, Shakhriyar"]
[Black "Artemiev, Vladislav"]
[Result "1-0"]
[WhiteTitle "GM"]
[BlackTitle "GM"]
[WhiteElo "2762"]
[BlackElo "2699"]
[WhiteFideId "13401319"]
[BlackFideId "24101605"]
[EventDate "2021.09.25"]

1. e4 c6 2. d4 d5 3. e5 Bf5 4. g4 Bd7 5. c4 e6 6. Nc3 c5 7. Nf3 Nc6 8. Bg2 cxd4
9. Nxd4 dxc4 10. Nxc6 Bxc6 11. Bxc6+ bxc6 12. Qa4 Rc8 13. Qxa7 Bb4 14. O-O Ne7
15. Bg5 Ra8 16. Qe3 Qb8 17. Ne4 Nd5 18. Qd4 O-O 19. Rfc1 c5 20. Qxc4 Qxe5 21. a3
Qxb2 22. Nxc5 Bxc5 23. Qxc5 h6 24. Bh4 Ra4 25. Qxf8+ Kxf8 26. Rc8# 1-0

[Event "Meltwater Tour Final 2021"]
[Site "chess24.com INT"]
[Date "2021.09.29"]
[Round "5.3"]
[White "Aronian, Levon"]
[Black "Radjabov, Teimour"]
[Result "1/2-1/2"]
[WhiteTitle "GM"]
[BlackTitle "GM"]
[WhiteElo "2782"]
[BlackElo "2763"]
[WhiteFideId "13300474"]
[BlackFideId "13400924"]
[EventDate "2021.09.25"]

1. e4 e5 2. Nf3 Nc6 3. Bc4 Bc5 4. d3 Nf6 5. O-O O-O 6. Re1 h6 7. c3 d6 8. Nbd2
a6 9. Nf1 Be6 10. Bxe6 fxe6 11. Ng3 Qe8 12. b4 Bb6 13. a4 Nh5 14. a5 Ba7 15.
Nxh5 Qxh5 16. Be3 Bxe3 17. Rxe3 Ne7 18. d4 Ng6 19. g3 Rf7 20. dxe5 Nxe5 21. Nxe5
Qxe5 22. f4 Qb5 23. Qb3 Re8 24. c4 Qh5 25. Qd1 Qg6 26. Kh1 Rd7 27. Qf3 Qf7 28.
Qe2 c6 29. b5 e5 30. f5 axb5 31. cxb5 cxb5 32. Qxb5 d5 33. Rd3 d4 34. Rc1 Kh7
35. Qb6 Qh5 36. h4 Qg4 37. Kh2 Rde7 38. Rd2 Qxe4 39. Qg6+ Kg8 40. Rdc2 Qd5 41.
Rc8 Qf7 42. Kg2 d3 43. Kf2 d2 44. Rxe8+ Qxe8 45. Rd1 Qd7 46. Ke2 Qb5+ 47. Ke3
Qc5+ 48. Ke2 Qc4+ 49. Ke3 Qd4+ 50. Ke2 Qe4+ 51. Kf2 Qd3 52. Qb6 Qxf5+ 53. Ke3
Rf7 54. Kxd2 e4 55. Kc1 Kh7 56. Kb2 Re7 57. Qb4 Qe5+ 58. Qc3 Qb5+ 59. Ka3 Re5
60. Rd7 Qxa5+ 61. Qxa5 Rxa5+ 62. Kb2 Re5 63. Kc2 e3 64. Kd1 e2+ 65. Ke1 b5 66.
Rb7 Kg6 67. g4 Kh7 68. h5 Kg8 69. Rb8+ Kf7 70. Rb7+ Kf6 71. Rb6+ Kg5 72. Rg6+
Kf4 73. Rxg7 b4 74. Rb7 Re4 75. Rb6 Kxg4 76. Rxh6 Kf3 77. Rf6+ Ke3 78. h6 Rh4
79. Re6+ Kd3 80. Rd6+ Kc3 81. Rc6+ Kb2 82. Kxe2 b3 83. Kf3 Ka2 84. Ra6+ Kb1 85.
Kg3 Rh1 86. Kg4 b2 87. Kg5 Kc2 88. Rb6 b1=Q 89. Rxb1 Kxb1 90. Kg6 Rxh6+ 91. Kxh6 1/2-1/2

[Event "Meltwater Tour Final 2021"]
[Site "chess24.com INT"]
[Date "2021.09.29"]
[Round "5.3"]
[White "So, Wesley"]
[Black "Giri, Anish"]
[Result "1-0"]
[WhiteTitle "GM"]
[BlackTitle "GM"]
[WhiteElo "2778"]
[BlackElo "2777"]
[WhiteFideId "5202213"]
[BlackFideId "24116068"]
[EventDate "2021.09.25"]

1. c4 e6 2. Nc3 d5 3. d4 c5 4. cxd5 exd5 5. Nf3 Nc6 6. g3 Nf6 7. Bg2 cxd4 8.
Nxd4 Bc5 9. Nxc6 bxc6 10. O-O O-O 11. Qc2 Bb6 12. Na4 Ba6 13. Rd1 Re8 14. e3 Rc8
15. b4 Qe7 16. Rb1 Ne4 17. Nxb6 axb6 18. Bb2 h5 19. Rd4 h4 20. gxh4 Qxh4 21. Ba1
c5 22. Rxd5 cxb4 23. Qb2 Nc3 24. Rd4 Ne2+ 25. Qxe2 Qxd4 26. Qxa6 Qd2 27. Bd4
Rc1+ 28. Rxc1 Qxc1+ 29. Qf1 Qd2 30. Bd5 Rd8 31. Bb3 Rc8 32. Kg2 Rc1 33. Qb5 Qe1
34. Qe8+ Kh7 35. Bc2+ 1-0

[Event "Meltwater Tour Final 2021"]
[Site "chess24.com INT"]
[Date "2021.09.29"]
[Round "5.4"]
[White "Radjabov, Teimour"]
[Black "Aronian, Levon"]
[Result "1/2-1/2"]
[WhiteTitle "GM"]
[BlackTitle "GM"]
[WhiteElo "2763"]
[BlackElo "2782"]
[WhiteFideId "13400924"]
[BlackFideId "13300474"]
[EventDate "2021.09.25"]

1. d4 Nf6 2. c4 c5 3. d5 g6 4. Nc3 Bg7 5. e4 d6 6. Nf3 O-O 7. Be2 e5 8. dxe6
Bxe6 9. Bf4 Qb6 10. Qd2 Nc6 11. O-O Rfe8 12. Rad1 Bg4 13. h3 Bxf3 14. Bxf3 Nd4
15. Be3 Nxf3+ 16. gxf3 Re6 17. Ne2 Nh5 18. b3 Be5 19. Kg2 Qc7 20. Nf4 Nxf4+ 21.
Bxf4 Qe7 22. Bg5 f6 23. Be3 f5 24. f4 Bg7 25. exf5 gxf5 26. Rg1 Kh8 27. Kh2 Rf8
28. Qd5 Qf7 29. Rg3 Rh6 30. Qd3 Qe6 31. Rg5 b6 32. Qd5 Qxd5 33. Rxd5 Rhf6 34.
Bd2 h6 35. Rg3 Re6 36. Re3 Rff6 37. Kg2 Kg8 38. Kf3 Rxe3+ 39. fxe3 Bf8 40. Be1
Rf7 41. Bh4 Kh7 42. e4 Kg6 43. a4 fxe4+ 44. Kxe4 Rb7 45. f5+ Kf7 46. Bg3 Re7+
47. Kf3 Rd7 48. Kg4 a6 49. Bf4 b5 50. axb5 axb5 51. Kh5 b4 52. Kg4 Kf6 53. Be5+
Kf7 54. Bf4 Rd8 55. h4 Ke7 56. Kh5 Kf6 57. Kg4 Rd7 58. Be5+ Ke7 59. Bf4 Kf7 60.
Kh5 Rd8 61. Kg4 Ke7 62. Kh5 Kf6 63. Kg4 Re8 64. Bxd6 h5+ 65. Kf3 Bxd6 66. Rxd6+
Kxf5 67. Rh6 Re1 68. Rxh5+ Ke6 69. Rxc5 Rb1 70. Rb5 Rxb3+ 71. Ke4 Rh3 72. Rxb4
Rxh4+ 73. Kd3 Kd7 74. Rb5 Kc6 75. Kc3 Rh1 76. Kd3 Rh3+ 77. Kd4 Rh4+ 78. Kc3 Rh1
79. Kd3 Rh3+ 80. Kd4 Rh4+ 81. Kc3 1/2-1/2

[Event "Meltwater Tour Final 2021"]
[Site "chess24.com INT"]
[Date "2021.09.29"]
[Round "5.4"]
[White "Artemiev, Vladislav"]
[Black "Mamedyarov, Shakhriyar"]
[Result "1-0"]
[WhiteTitle "GM"]
[BlackTitle "GM"]
[WhiteElo "2699"]
[BlackElo "2762"]
[WhiteFideId "24101605"]
[BlackFideId "13401319"]
[EventDate "2021.09.25"]

1. Nf3 Nf6 2. g3 d5 3. Bg2 e6 4. O-O Be7 5. c4 d4 6. e3 c5 7. exd4 cxd4 8. Ne5
Qc7 9. Re1 Bd6 10. Qe2 Nbd7 11. Nf3 Qb6 12. Na3 Bc5 13. d3 O-O 14. Bf4 a6 15.
Rab1 Bb4 16. Bd2 e5 17. Bxb4 Qxb4 18. Nc2 Qa5 19. Nxe5 Re8 20. f4 Nxe5 21. fxe5
Ng4 22. b4 Qb6 23. Qe4 Qh6 24. h3 Nxe5 25. Qf4 Qd6 26. Qxd4 Qf6 27. Re3 Bxh3 28.
Rf1 Qe6 29. Rxe5 Qxe5 30. Qxe5 Rxe5 31. Bxh3 Rae8 32. Bg2 b6 33. Bd5 R8e7 34.
Nd4 Rg5 35. Rf3 h5 36. Kf2 g6 37. Nc6 Rd7 38. d4 Kg7 39. Ne5 Re7 40. Bxf7 1-0

[Event "Meltwater Tour Final 2021"]
[Site "chess24.com INT"]
[Date "2021.09.29"]
[Round "5.5"]
[White "So, Wesley"]
[Black "Giri, Anish"]
[Result "1/2-1/2"]
[WhiteTitle "GM"]
[BlackTitle "GM"]
[WhiteElo "2778"]
[BlackElo "2777"]
[WhiteFideId "5202213"]
[BlackFideId "24116068"]
[EventDate "2021.09.25"]

1. Nf3 d5 2. g3 Bg4 3. Bg2 c6 4. c4 e6 5. O-O Nf6 6. Qb3 Qb6 7. d3 Nbd7 8. Nc3
Be7 9. Be3 Qxb3 10. axb3 Bxf3 11. Bxf3 a6 12. h3 h5 13. Bg2 g6 14. Rfc1 O-O 15.
f4 Rfe8 16. Bf2 Bf8 17. d4 b5 18. c5 Ra7 19. Ra5 Be7 20. Rca1 Nb8 21. b4 Bd8 22.
R5a3 Kf8 23. Bf3 Ng8 24. g4 hxg4 25. hxg4 f5 26. g5 Ree7 27. Kg2 Rh7 28. Be1 Ke8
29. Bd2 Kd7 30. e3 Rh8 31. Be2 Kc8 32. Be1 Rah7 33. Bg3 Kb7 34. Na2 Ne7 35. Nc1
Bc7 36. Nd3 Ka7 37. R3a2 Kb7 38. Rc1 Ka7 39. Raa1 Kb7 40. Re1 Kc8 41. Bf3 Kd7
42. Ra3 Kc8 43. Raa1 Kd7 44. Ra3 Kc8 45. Raa1 1/2-1/2

[Event "Meltwater Tour Final 2021"]
[Site "chess24.com INT"]
[Date "2021.09.29"]
[Round "5.6"]
[White "Giri, Anish"]
[Black "So, Wesley"]
[Result "0-1"]
[WhiteTitle "GM"]
[BlackTitle "GM"]
[WhiteElo "2777"]
[BlackElo "2778"]
[WhiteFideId "24116068"]
[BlackFideId "5202213"]
[EventDate "2021.09.25"]

1. d4 Nf6 2. c4 e6 3. Nf3 d5 4. g3 dxc4 5. Bg2 Nc6 6. Qa4 Bb4+ 7. Bd2 Nd5 8.
Bxb4 Nxb4 9. O-O Rb8 10. Nc3 a6 11. Ne5 O-O 12. Nxc6 Nxc6 13. Bxc6 bxc6 14. Qxc4
Qd6 15. Ne4 Qd5 16. Qxd5 exd5 17. Nc5 Rxb2 18. e3 Bf5 19. Rfc1 a5 20. Nb3 a4 21.
Na5 g6 22. Nxc6 Re8 23. a3 Re6 24. Nb4 Be4 25. Ra2 Rb3 26. h3 g5 27. g4 h5 28.
gxh5 Rh6 29. Kh2 Rxh5 30. Kg3 f5 31. Rxc7 Rh4 32. f3 Rxe3 33. Rf2 f4+ 34. Kg2
Bf5 35. Kg1 Bxh3 36. Nc2 Re6 37. Rc5 g4 38. Rxd5 g3 39. Rd2 Reh6 40. Rg5+ Kf7
41. Nb4 Be6 42. Kf1 Bc4+ 0-1

[Event "Meltwater Tour Final 2021"]
[Site "chess24.com INT"]
[Date "2021.10.01"]
[Round "6.1"]
[White "Aronian, Levon"]
[Black "Duda, Jan-Krzysztof"]
[Result "0-1"]
[WhiteTitle "GM"]
[BlackTitle "GM"]
[WhiteElo "2782"]
[BlackElo "2756"]
[WhiteFideId "13300474"]
[BlackFideId "1170546"]
[EventDate "2021.09.25"]

1. e4 e6 2. d4 d5 3. Nc3 Bb4 4. e5 c5 5. a3 Bxc3+ 6. bxc3 Ne7 7. Qg4 Qc7 8. Qxg7
Rg8 9. Qxh7 cxd4 10. Ne2 Nbc6 11. f4 dxc3 12. Qd3 d4 13. Nxd4 Nxd4 14. Qxd4 Bd7
15. Qd6 Qa5 16. Qb4 Qd5 17. a4 Nf5 18. Ba3 Qd2# 0-1

[Event "Meltwater Tour Final 2021"]
[Site "chess24.com INT"]
[Date "2021.10.01"]
[Round "6.1"]
[White "Radjabov, Teimour"]
[Black "So, Wesley"]
[Result "1-0"]
[WhiteTitle "GM"]
[BlackTitle "GM"]
[WhiteElo "2763"]
[BlackElo "2778"]
[WhiteFideId "13400924"]
[BlackFideId "5202213"]
[EventDate "2021.09.25"]

1. Nf3 d5 2. d4 Nf6 3. c4 e6 4. Nc3 Be7 5. Bg5 h6 6. Bh4 O-O 7. e3 b6 8. cxd5
Nxd5 9. Bxe7 Qxe7 10. Rc1 Bb7 11. Be2 Rc8 12. Nxd5 Bxd5 13. O-O c5 14. dxc5 bxc5
15. Qa4 Nd7 16. Qa5 c4 17. Rc2 Be4 18. Rcc1 Bd5 19. Nd2 Nb6 20. e4 Bb7 21. Rfe1
Rc5 22. Qa3 Qc7 23. Bf1 Rc8 24. Rc2 a5 25. Rec1 Qe5 26. Qe3 g5 27. f3 c3 28.
Rxc3 Nd5 29. Rxc5 Nxe3 30. Rxe5 Rxc1 31. Kf2 Nd1+ 32. Kg1 Rc2 33. Nc4 a4 34. Rb5
Bc6 35. Rb6 Bd7 36. Rd6 1-0

[Event "Meltwater Tour Final 2021"]
[Site "chess24.com INT"]
[Date "2021.10.01"]
[Round "6.1"]
[White "Artemiev, Vladislav"]
[Black "Vachier-Lagrave, Maxime"]
[Result "1/2-1/2"]
[WhiteTitle "GM"]
[BlackTitle "GM"]
[WhiteElo "2699"]
[BlackElo "2763"]
[WhiteFideId "24101605"]
[BlackFideId "623539"]
[EventDate "2021.09.25"]

1. d4 Nf6 2. Bg5 d5 3. Nd2 c5 4. e3 e6 5. c3 Be7 6. Ngf3 O-O 7. Bd3 Nfd7 8. Bxe7
Qxe7 9. O-O Nc6 10. Re1 Rd8 11. a3 c4 12. Bc2 f5 13. Ba4 Rb8 14. Bb5 e5 15. dxe5
Ndxe5 16. b3 Nd3 17. Re2 Be6 18. bxc4 dxc4 19. Nd4 Nde5 20. f4 a6 21. Ba4 Nxd4
22. exd4 Nd3 23. Bc2 Rbc8 24. Re3 Qd6 25. Nxc4 Bxc4 26. Bxd3 Bxd3 27. Qxd3 g6
28. g3 b5 29. Qe2 Rc7 30. Re1 Qxa3 31. Re8+ Rxe8 32. Qxe8+ Qf8 33. Qe6+ Qf7 34.
Qxa6 Rxc3 35. Qxb5 Kg7 36. Qb4 Rc7 37. Qd6 Rd7 38. Qe5+ Kh6 39. Qe6 Qxe6 40.
Rxe6 Rxd4 41. Kg2 Rd2+ 42. Kg1 Rd1+ 43. Kg2 Rd2+ 44. Kg1 Rd1+ 45. Kg2 Rd2+ 1/2-1/2

[Event "Meltwater Tour Final 2021"]
[Site "chess24.com INT"]
[Date "2021.10.01"]
[Round "6.1"]
[White "Giri, Anish"]
[Black "Carlsen, Magnus"]
[Result "1/2-1/2"]
[WhiteTitle "GM"]
[BlackTitle "GM"]
[WhiteElo "2777"]
[BlackElo "2855"]
[WhiteFideId "24116068"]
[BlackFideId "1503014"]
[EventDate "2021.09.25"]

1. c4 e5 2. g3 Nf6 3. Bg2 d5 4. cxd5 Nxd5 5. Nf3 Nc6 6. O-O Nb6 7. b3 Bd6 8. Nc3
O-O 9. d4 Nxd4 10. Nxd4 exd4 11. Qxd4 Be7 12. Qe4 Bf6 13. Qc2 Qe7 14. Bb2 Re8
15. a4 a5 16. Ba3 Qe5 17. Nb5 c6 18. Nd6 Qxe2 19. Qxe2 Rxe2 20. Rae1 Re6 21.
Rxe6 Bxe6 22. Nxb7 Nd5 23. Rc1 Nc3 24. Re1 Bxb3 25. Nxa5 Bd5 26. Nxc6 Bxg2 27.
Kxg2 Nxa4 28. Be7 Re8 29. Re3 Bxe7 30. Nxe7+ Kf8 31. Nd5 Rxe3 32. Nxe3 Nc5 33.
f4 g6 34. Kf3 f5 35. g4 fxg4+ 36. Kxg4 Kf7 37. f5 Ne4 38. fxg6+ hxg6 39. h4 Nd6
40. h5 Nf5 41. hxg6+ Kxg6 42. Nxf5 1/2-1/2

[Event "Meltwater Tour Final 2021"]
[Site "chess24.com INT"]
[Date "2021.10.01"]
[Round "6.2"]
[White "Vachier-Lagrave, Maxime"]
[Black "Artemiev, Vladislav"]
[Result "0-1"]
[WhiteTitle "GM"]
[BlackTitle "GM"]
[WhiteElo "2763"]
[BlackElo "2699"]
[WhiteFideId "623539"]
[BlackFideId "24101605"]
[EventDate "2021.09.25"]

1. e4 c6 2. d4 d5 3. e5 Bf5 4. Nf3 e6 5. Be3 Ne7 6. Nbd2 Nd7 7. c3 h6 8. h4 Qb6
9. b4 a5 10. a3 Bg4 11. Be2 Nf5 12. Bf4 Be7 13. h5 axb4 14. axb4 O-O 15. Qb1
Rxa1 16. Qxa1 f6 17. exf6 Bxf6 18. Bd3 Qd8 19. Qb1 Kh8 20. O-O Bxh5 21. Re1 Nh4
22. Rxe6 Nxf3+ 23. Nxf3 Bxf3 24. gxf3 Bxd4 25. Bd6 Rf6 26. Qe1 Rxe6 27. Qxe6
Bxc3 28. Be7 Qe8 29. Bf5 Bf6 30. Bd6 Qxe6 31. Bxe6 Ne5 32. Bc8 b6 33. Bb7 Nxf3+
34. Kg2 Nd4 35. Bc7 c5 36. bxc5 bxc5 37. Bxd5 Nf5 38. Kf3 g6 39. Ke4 Bd4 40. Be6
Ng7 41. Bf7 Kh7 42. f4 Nh5 43. Kf3 Kg7 44. Bc4 Nf6 45. Bd8 Ne8 46. Be7 Kh7 47.
Ke4 Ng7 48. Bd5 h5 49. Kf3 Nf5 50. Bd8 Kg7 51. Bb6 c4 52. Ba5 c3 53. Be4 Bf6 54.
Bb6 Kf7 55. Bd5+ Kf8 56. Be4 Ke7 57. Bc5+ Ke6 58. Bb6 Be7 59. Bf2 Bb4 60. Bc2
Kd6 61. Ke4 Bc5 62. Be1 Nd4 63. Ba4 c2 64. Bd2 h4 65. f5 gxf5+ 66. Kf4 Ke6 0-1

[Event "Meltwater Tour Final 2021"]
[Site "chess24.com INT"]
[Date "2021.10.01"]
[Round "6.2"]
[White "Carlsen, Magnus"]
[Black "Giri, Anish"]
[Result "1/2-1/2"]
[WhiteTitle "GM"]
[BlackTitle "GM"]
[WhiteElo "2855"]
[BlackElo "2777"]
[WhiteFideId "1503014"]
[BlackFideId "24116068"]
[EventDate "2021.09.25"]

1. c4 c5 2. Nc3 g6 3. e3 Nf6 4. d4 cxd4 5. exd4 Bg7 6. d5 O-O 7. Nf3 e6 8. Be2
exd5 9. cxd5 d6 10. O-O Nbd7 11. Bf4 Nc5 12. Rc1 Nce4 13. Nxe4 Nxe4 14. Qa4 Nc5
15. Qa3 Qf6 16. Bxd6 Qxd6 17. Qxc5 Qxc5 18. Rxc5 Bxb2 19. Rd1 Ba3 20. Rc3 Bd6
21. Nd2 Rd8 22. Ne4 Be5 23. Rc4 Bf5 24. f4 b5 25. Rb4 a5 26. Rxb5 Bxf4 27. Bf3
Bxe4 28. Bxe4 Bd6 29. g3 a4 30. Rc1 Rdb8 31. Rxb8+ Rxb8 32. Rc6 Rb6 33. Rxb6
Bc5+ 34. Kg2 Bxb6 35. d6 Kf8 36. a3 Bc5 37. d7 Ke7 38. Bc6 Bxa3 39. Bxa4 Bd6 40.
Bb3 Kxd7 41. Bxf7 Ke7 42. Bg8 h6 43. Kf3 Kf6 44. Bc4 h5 45. h4 g5 46. hxg5+ Kxg5
47. Be2 Bxg3 48. Kxg3 h4+ 49. Kh3 Kf4 50. Kxh4 1/2-1/2

[Event "Meltwater Tour Final 2021"]
[Site "chess24.com INT"]
[Date "2021.10.01"]
[Round "6.2"]
[White "So, Wesley"]
[Black "Radjabov, Teimour"]
[Result "0-1"]
[WhiteTitle "GM"]
[BlackTitle "GM"]
[WhiteElo "2778"]
[BlackElo "2763"]
[WhiteFideId "5202213"]
[BlackFideId "13400924"]
[EventDate "2021.09.25"]

1. e4 e5 2. Nf3 Nc6 3. Bb5 Nf6 4. d3 Bc5 5. Bxc6 dxc6 6. Nbd2 Be6 7. O-O Bd6 8.
Nb3 O-O 9. Na5 Qc8 10. Bd2 Re8 11. Ng5 b6 12. Nxe6 Qxe6 13. Nb3 a5 14. a4 Nd7
15. Be3 f5 16. exf5 Qxf5 17. Nd2 Nf6 18. f3 Nd5 19. Bf2 Re6 20. Kh1 Qh5 21. Ne4
Rh6 22. Bg3 Ne3 23. Qd2 Nxf1 24. Rxf1 Re8 25. Re1 Bb4 26. c3 Be7 27. Nf2 Bg5 28.
Qe2 Rhe6 29. Kg1 c5 30. Qe4 Qf7 31. Qc4 h6 32. Nh3 Bf4 33. Bf2 R6e7 34. Qb5 Rd7
35. Bh4 Re6 36. Nf2 Red6 37. Re4 Kh7 38. Bg3 Qa2 39. Kf1 Qf7 40. Kg1 Rd8 41. Re1
Rg6 42. Ng4 Qd5 43. Bxf4 exf4 44. h4 Re6 45. Re4 Rxe4 46. dxe4 Qd1+ 47. Kh2 Qe1 0-1

[Event "Meltwater Tour Final 2021"]
[Site "chess24.com INT"]
[Date "2021.10.01"]
[Round "6.2"]
[White "Duda, Jan-Krzysztof"]
[Black "Aronian, Levon"]
[Result "1/2-1/2"]
[WhiteTitle "GM"]
[BlackTitle "GM"]
[WhiteElo "2756"]
[BlackElo "2782"]
[WhiteFideId "1170546"]
[BlackFideId "13300474"]
[EventDate "2021.09.25"]

1. d4 Nf6 2. c4 e6 3. Nf3 d5 4. g3 dxc4 5. Bg2 c5 6. O-O Nc6 7. Qa4 Bd7 8. Qxc4
b5 9. Qc3 b4 10. Qd3 Rc8 11. dxc5 Bxc5 12. Be3 Bxe3 13. Qxe3 Ng4 14. Qe4 f5 15.
Qd3 Qb6 16. Nbd2 Nge5 17. Qb3 O-O 18. a3 bxa3 19. Rxa3 Qxb3 20. Rxb3 Nxf3+ 21.
Nxf3 e5 22. Rd3 Be8 23. Rd5 e4 24. Nh4 g6 25. f3 Nb4 26. Ra5 e3 27. f4 Rc2 28.
Bf3 a6 29. Re5 Rxb2 30. Rc1 Nc2 31. Bd5+ Bf7 32. Rd1 Bxd5 33. Rdxd5 Rb1+ 34. Kg2
Re1 35. Nf3 Rxe2+ 36. Kh3 Rf2 37. Rd7 Rf7 38. Rd8+ Kg7 39. Ng5 Rb7 40. g4 e2 41.
Ne6+ Kh6 42. Kg3 e1=Q 43. Rxe1 Rg2+ 44. Kxg2 Nxe1+ 45. Kf2 Re7 46. Rd6 Nd3+ 47.
Kg3 fxg4 48. f5 Ne5 49. Kf4 Rf7 50. Kxe5 Rxf5+ 51. Ke4 a5 52. Rd2 Rf1 53. Nf4
Re1+ 54. Ne2 Kg5 55. Ke3 Rf1 56. Rd5+ Rf5 57. Rd7 Rf3+ 58. Kd2 h5 59. Ke1 a4 60.
Ra7 a3 61. Ra6 h4 62. Ra5+ Kh6 63. Ra4 Kh5 64. Nf4+ Kg5 65. Ne6+ Kf6 66. Nd4 Rh3
67. Kf1 Rxh2 68. Rxa3 Rd2 69. Ne2 Rd5 70. Kg2 Kg5 71. Re3 Rf5 72. Re8 Rf3 73.
Re5+ Kh6 74. Ng1 h3+ 75. Nxh3 Rxh3 76. Ra5 Rf3 77. Rb5 Rf5 78. Rb8 Kg5 79. Ra8
Rb5 80. Kg3 Rb3+ 81. Kg2 Re3 82. Rb8 Re5 83. Kg3 Re3+ 84. Kg2 Rf3 85. Ra8 Rb3
86. Rc8 g3 87. Rc5+ Kh4 88. Rc4+ Kh5 89. Ra4 g5 90. Rc4 Kg6 91. Rc5 Re3 92. Ra5
Kh5 93. Ra4 Rb3 94. Rc4 Kg6 95. Rc5 Kh5 96. Rc4 1/2-1/2

[Event "Meltwater Tour Final 2021"]
[Site "chess24.com INT"]
[Date "2021.10.01"]
[Round "6.3"]
[White "Artemiev, Vladislav"]
[Black "Vachier-Lagrave, Maxime"]
[Result "1/2-1/2"]
[WhiteTitle "GM"]
[BlackTitle "GM"]
[WhiteElo "2699"]
[BlackElo "2763"]
[WhiteFideId "24101605"]
[BlackFideId "623539"]
[EventDate "2021.09.25"]

1. c4 e5 2. Nc3 Nf6 3. Nf3 Nc6 4. d3 d5 5. cxd5 Nxd5 6. g3 Bc5 7. Bg2 O-O 8. O-O
h6 9. Nxd5 Qxd5 10. Bd2 a5 11. Bc3 Qe6 12. Qb3 Qe7 13. e3 a4 14. Qc4 Be6 15. Qe4
f5 16. Qh4 Qxh4 17. Nxh4 Rfd8 18. Rfd1 Nb4 19. d4 exd4 20. exd4 Bd6 21. Bxb4
Bxb4 22. Bxb7 Rab8 23. d5 Bd7 24. Bc6 Be7 25. Bxd7 Rxd7 26. Nxf5 Rxb2 27. Rdb1
Rd2 28. Rd1 Rb2 29. Rdb1 Rd2 30. Rd1 Rb2 1/2-1/2

[Event "Meltwater Tour Final 2021"]
[Site "chess24.com INT"]
[Date "2021.10.01"]
[Round "6.3"]
[White "Radjabov, Teimour"]
[Black "So, Wesley"]
[Result "0-1"]
[WhiteTitle "GM"]
[BlackTitle "GM"]
[WhiteElo "2763"]
[BlackElo "2778"]
[WhiteFideId "13400924"]
[BlackFideId "5202213"]
[EventDate "2021.09.25"]

1. d4 Nf6 2. c4 e6 3. Nf3 d5 4. Nc3 dxc4 5. e4 b5 6. e5 Nd5 7. Nxb5 Nb6 8. Be3
Nc6 9. Rc1 Rb8 10. Nc3 Be7 11. Be2 O-O 12. O-O Nb4 13. a3 N4d5 14. Bd2 Bb7 15.
Qc2 Qd7 16. Ne4 Ba8 17. Nc5 Qc6 18. Na6 Rb7 19. b4 c3 20. Bg5 Nc8 21. Nc5 Rb8
22. b5 Qe8 23. Bxe7 Ncxe7 24. Ne4 Nf4 25. Rfe1 Nxe2+ 26. Rxe2 Rxb5 27. Qxc3 Nd5
28. Qc2 h6 29. Nc3 Ra5 30. Nxd5 Bxd5 31. Re3 c6 32. Nd2 Qe7 33. Nc4 Bxc4 34.
Qxc4 Rxa3 35. Qxc6 Rxe3 36. fxe3 a5 37. Ra1 Rb8 38. Qc3 a4 39. h3 Ra8 40. Qc6
Qa7 41. Ra3 Qa5 42. Kh2 g6 43. Qc4 Kg7 44. e4 h5 45. d5 Qd2 46. Rf3 Qa5 47. Ra3
Qa6 48. Qd4 Qb5 49. dxe6 fxe6 50. Qd6 Qe8 51. Qc7+ Qf7 52. Qc1 Ra7 53. Qg5 Kh7
54. Kg1 Qf8 55. Rg3 Qe8 56. Ra3 Qf8 57. Qe3 Qe7 58. Kh2 Ra5 59. Qc3 Ra6 60. Qd3
Ra8 61. Qe3 Qd7 62. Qg5 Qc7 63. Rg3 Qg7 64. Ra3 Ra5 65. Qg3 Qc7 66. Qf4 Rxe5 67.
Rxa4 g5 68. Ra7 gxf4 69. Rxc7+ Kg6 70. Rc4 Ra5 71. h4 Kf6 72. g3 Ra2+ 73. Kh3
Ke5 74. gxf4+ Kxf4 75. e5+ Kf5 76. Rc8 Ra3+ 77. Kg2 Re3 78. Kf2 Rh3 79. Rc4 Ra3
80. Rc8 Ra4 81. Kg3 Ra3+ 82. Kf2 Ra5 83. Kf3 Kxe5 84. Rh8 Kd4 85. Rh6 e5 86.
Rd6+ Rd5 87. Ra6 Rd8 88. Ra4+ Kd5 89. Ke3 Rb8 90. Ra3 Rb4 0-1